Peron y la pedagogia nacional /

Guardado en:
Autor Principal: Guglielmino, Osvaldo
Formato: Libro
Publicado: Buenos Aires : Corregidor, 1997
Materias:
Etiquetas: Agregar Etiqueta
Sin Etiquetas, Sea el primero en etiquetar este registro!
LEADER 00497nam a22001695a 4500
001 EHU.bham024401
003 AR-BHAM
005 20121206134041.0
008 130507s1997##################000#0#####d
082 3 7 |a 370.82 
100 1 |a Guglielmino, Osvaldo 
245 1 0 |a Peron y la pedagogia nacional /  |c Osvaldo Guglielmino 
260 |a Buenos Aires :  |b Corregidor,  |c 1997 
300 |a 173 p. 
653 |a Peronismo 
653 |a Educacion y poder 
859 |a AR-BHAM  |b BIB. HUMANIDADES - General  |h 370.82  |i G949  |p 215.02  |t Ej.1